000 00845nam a22002657a 4500
003 CHAP
005 20220329140559.0
008 971013s1971 r 00010 d
010 _a54251
011 _a55223
035 _a59375
040 _cCHAP
082 _a333.09721
_bW5
100 0 0 _aWilkie, Raymond.
_9121969
245 _aSan Miguel
_b: a Mexican collective ejido
260 _aStandord, Cal. :
_bStanford University,
_c1971
300 _a190 p.
_b: ilus. ; láms.
590 _aBATCH-UPD
_b10
_c20130110
_lUCH01
_h0408
590 _aCONVERSION
_b10
_c20130109
_lUCH01
_h1329
650 1 4 _aEjidos
_xComarca Lagunera.
_936012
901 _aBK
942 _cLIBRO
949 _a333.09721 W5
_bBC
_cLIBRO
_d33724000327862
_eLIBRO
_h29644
_i59375
_si
949 _a333.09721 W5
_bBC
_cLIBRO
_d33724000824918
_eLIBRO
_fc.2
_gDonaciØn
_h100176
_i59375
_sb
999 _c54251
_d54251